|
|
|
|
| LEADER |
00000nab a2200000 a 4500 |
| 001 |
vtls011732237 |
| 003 |
SK-MaSNL |
| 005 |
20260304030205.0 |
| 008 |
250310|2002 xo |||||||||||||||||slo |
| 015 |
|
|
|a SNBRB
|
| 035 |
|
|
|a (urnnbn)urn:nbn:sk:snk:ar-a08ela
|
| 035 |
|
|
|a urn:nbn:sk:snk-abf9qd
|
| 035 |
|
|
|a (uuid)bbc404eb-bc93-46c9-b8cc-0470b3bf209d
|
| 040 |
|
|
|a SNKBUCL
|b slo
|c SNKBUCL
|e AACR2
|
| 041 |
0 |
|
|a slo
|
| 044 |
|
|
|a xo
|c SK
|
| 100 |
1 |
|
|a Podpera, Rastislav,
|d 1976-
|4 aut
|9 67151
|
| 245 |
1 |
0 |
|a Liturgická hudba v sociálnom prostredí katolíckej omše II :
|b Východiskové pojmy k sociálno-psychologickým otázkam chrámovej hudby
|c Rastislav Podpera
|
| 773 |
0 |
|
|t Adoramus Te : časopis o duchovnej hudbe
|g Roč. 5, č. 1 (2002), s. 11-13
|
| 958 |
|
|
|a OND
|
| 958 |
|
|
|a EUIPO
|
| 958 |
|
|
|a article24
|
| 999 |
|
|
|c 2632355
|d 2634285
|